000 00524nam a2200157Ia 4500
008 100122s9999 xx 000 0 und d
082 _b24232
_a822
100 _aकुलकर्णी दत्ता केशव
245 _aमाझा कुणा म्हणू मी
250 _a3
260 _bपरचुरे प्रक ाशन
_c1971
300 _a89
630 _aमाझा कुणा म्हणू मी
730 _aमाझा कुणा म्हणू मी
942 _cBOOK
999 _c411618
_d411615